书目信息 |
| 题名: |
车行天下
|
|
| 作者: | 杨明刚 编著 | |
| 分册: | ||
| 出版信息: | 上海 上海文化出版社 2008.08 |
|
| 页数: | 259页 | |
| 开本: | 26cm | |
| 丛书名: | 国际知名品牌新视界 | |
| 单 册: | ||
| 中图分类: | U469 | |
| 科图分类: | ||
| 主题词: | 汽车--qi che--简介--世界--图集 | |
| 电子资源: | ||
| ISBN: | 978-7-80740-240-4 | |
| 000 | 00961nam 2200265 450 | |
| 001 | 012009466175 | |
| 005 | 20090621143635.82 | |
| 010 | @a978-7-80740-240-4@dCNY88.00 | |
| 100 | @a20090621d2008 em y0chiy0120 ea | |
| 101 | 0 | @achi |
| 102 | @aCN@b310000 | |
| 105 | @aa z 000yy | |
| 106 | @ar | |
| 200 | 1 | @a车行天下@Ache xing tian xia@e国际名车新视界@f杨明刚编著@Fyang ming gang bian zhu |
| 210 | @a上海@c上海文化出版社@d2008.08 | |
| 215 | @a259页@c图@d26cm | |
| 225 | 2 | @a国际知名品牌新视界@Aguo ji zhi ming pin pai xin shi jie |
| 330 | @a本书以独到的图文“视界”,深入探究国际著名汽车公司的品牌历史、品牌文化和品牌营销。收录的世界名车,包括古董车、老爷车、豪华轿车等。 | |
| 410 | 0 | @12001 @a国际知名品牌新视界 |
| 517 | 1 | @a国际名车新视界@Aguo ji ming che xin shi jie |
| 606 | 0 | @a汽车@Aqi che@x简介@y世界@j图集 |
| 690 | @aU469@v4 | |
| 701 | 0 | @a杨明刚@Ayang ming gang@4编著 |
| 801 | 0 | @aCN@bQSSK@c20090621 |
| 905 | @b744827-28@dU469@eY231@f2 | |
| 车行天下:国际名车新视界/杨明刚编著.-上海:上海文化出版社,2008.08 |
| 259页:图;26cm.-(国际知名品牌新视界) |
| ISBN 978-7-80740-240-4:CNY88.00 |
| 本书以独到的图文“视界”,深入探究国际著名汽车公司的品牌历史、品牌文化和品牌营销。收录的世界名车,包括古董车、老爷车、豪华轿车等。 |
| ● |
| 相关链接 |
|
|
|
正题名:车行天下
索取号:U469/Y231
 
预约/预借
| 序号 | 登录号 | 条形码 | 馆藏地/架位号 | 状态 | 备注 |
| 1 | 744827 | 207448270 | 自科库501/501自科库 56排4列5层/ [索取号:U469/Y231] | 在馆 | |
| 2 | 744828 | 207448289 | 自科库501/501自科库 56排4列5层/ [索取号:U469/Y231] | 在馆 |